Mlieko plné vitamínov, enzýmov a hormónov

Bibliographic Details
Main Authors: Špánik, J. (Author), Margetín, Milan, 1954- (Author)
Format: Article
Language:Slovak
Subjects:

MARC

LEADER 00000nab a2200000 a 4500
001 vtls000638923
003 SK-MaSNL
005 20260303194051.0
008 160401c1997 xo 0 slo
015 |a SNBRB19rr/mm-uuuuu 
035 |a CL0639062 
040 |a SNKBUCL  |b slo  |c SNKBUCL  |e AACR2 
041 0 |a slo 
044 |a xo  |c SK 
080 |a 637.12'63(437.6)  |2 1981 
100 1 |a Špánik, J.  |4 aut  |9 274807 
245 1 0 |a Mlieko plné vitamínov, enzýmov a hormónov  |c J. Špánik, Milan Margetín 
300 |b Tab. 3 
650 0 7 |a ovčie mlieko  |2 snkbucl  |9 71498 
655 7 |a články z novín a časopisov  |2 snkbucl  |9 267496 
700 1 |a Margetín, Milan,  |d 1954-  |4 aut  |9 209878 
773 0 |t Roľnícke noviny  |g Č. 248 (28. 10. 1997) 
773 0 |t [Príl.] Z grúňov a z maštalí  |g S. 4 
850 |a Slovenská národná knižnica v Martine  |a MTA001 
852 |a SNK  |b KIS3GCP 
958 |a SK 
958 |a RK 
958 |a RBX 
999 |c 2155502  |d 2157432